000 00510cam a22002054a 4500
005 20250605164312.0
008 250528s ||||||||||||||||||||||||d
035 _a22554
020 _a9780534420574
040 _aGR-AtMCL
_bgre
_dGR-AtMCL
_eAACR2
245 1 _aALGORITHMS: SEQUENTIAL, PARALLEL, AND DISTRIBUTED
250 _a1
260 _bThomson,
_c2005
300 _a962
700 1 _aBerman Kenneth A.
_98336
700 1 _aPaul Jerome L
_98337
942 _cBK
999 _c7602
_d7602